wszyscy zwyciężcy pucharu ligi w polsce - Statystyki

Ogólne statystyki
  • Ten quiz został rozwiązany 12 razy
  • Średni wynik to 5 z 9
Statystyki odpowiedzi
rok klub % Poprawnych
00/01 wisła kraków
100%
01/02 legia warszawa
92%
1978 górnik zabrze
75%
99/00 polonia warszawa
50%
07/08 dyskobolia grodzisk wielkopolski
33%
06/07 dyskobolia grodzisk wielkopolski
33%
08/09 śląsk wrocław
33%
1977 odra opole
17%
1952 wawel kraków
17%
Nie znaleziono quizów pasujących do podanych kryteriów
Rozkład punktacji
Procent ludzi z każdym wynikiem
Percentyl według liczby udzielonych odpowiedzi
Twoja historia wyników
Nie rozwiązałeś tego quizu